000
00321nam a2200133Ia 4500
008
240624s9999 xx 000 0 und d
041
_a
eng
082
_a
954 NEV
100
_a
NEVILE PRAN
245
_a
SAHIBS INDIA VIGNETTES FROM THE RAJ
260
_c
2010
_a
New Delhi
_b
Penguin
300
_a
241 : p.
365
_c
RS
_b
20
999
_c
16605
_d
16605